| 000 | 01128nam a22002177a 4500 | ||
|---|---|---|---|
| 999 |
_c62427 _d62427 |
||
| 003 | Ge_BSU | ||
| 005 | 20241030170422.0 | ||
| 008 | 241030s2023 ge ||||| |||| 00| 0 geo d | ||
| 020 | _a9789941371257 | ||
| 041 | _ageo | ||
| 080 | _a1(09) უ-52 | ||
| 100 |
_aუორბერტონი, ნაიჯელ _923562 |
||
| 245 |
_aფილოსოფია : _bმოკლე ისტორია / _cნაიჯელ უორბერტონი; მთარგმნელი რუსუდან მახათაძე; რედაქტორი ია ვეკუა; დიზაინერი ია გაბუნია. |
||
| 264 |
_aთბილისი : _b სულაკაური, _c2023. |
||
| 300 |
_a299 გვ. ; _b22 სმ. |
||
| 653 | _aფილოსოფია | ||
| 700 |
_aმახათაძე, რუსუდან _e მთარგმნელი _917574 |
||
| 700 |
_aვეკუა, ია _eრედაქტორი _921667 |
||
| 700 |
_aმახათაძე, რუსუდან _e მთარგმნელი _917574 |
||
| 942 |
_2udc _cᲬᲘᲒᲜᲘ |
||